01127nas a2200313 4500001001300000003000900013005001700022007000300039008003400042040005400076041000900130072000800139100001900147100002300166100002000189100001900209100002400228245014100252650001100393650001600404650001900420650001300439650001500452773011300467909004000580942001800620999001900638952015600657BR2013007649BR-BrBNA20231205122959.0ta230509b bl.|||p| |||| 00| 00por d aBR-BrBNAbporcBiblioteca Nacional de Agricultura a(Pt) aH101 aOliveira, F.S.1 aMendonça, M.W.A.1 aVidigal, M.C.S.1 aRêgo, M.M.C.1 aAlbuquerque, P.M.C.1 aComunidade de abelhas (Hymenoptera, Apoidea)em ecossistema de dunas na Praia de Panaquatira, São José de Ribamar, Maranhão, Brasil aABELHA aHIMENOPTERO aBIODIVERSIDADE aPESQUISA aMARANHÃO0 tRevista Brasileira de Entomologia (Brazil)xISSN 0085-5626g(Jan -Mar 2010), v. 54(1) p. 82-90wBR2013007649 a202311bLúciac55dLúcia Elande 2AGRISn0cANA c231590d231590 002AGRIS4071a41918b41918cPeriódicos Agrícolash(Jan -Mar 2010), v. 54(1) p. 82-90l0r2023-11-29t01yCRePortaria Interministerial nº 164/94